PROPUESTA PARA MEJORAR LA EFICACIA DE LA REPARACIÓN DIGNA EN MATERIA DE JURISPRUDENCIA CONSTITUCIONAL/ (Registro nro. 2667)
[ vista simple ]
| 000 -LEADER | |
|---|---|
| campo de control de longitud fija | 04152nam a22003257a 4500 |
| 001 - NÚMERO DE CONTROL | |
| campo de control | TDD 001 |
| 003 - IDENTIFICADOR DE NÚMERO DE CONTROL | |
| campo de control | gtcocun |
| 005 - FECHA Y HORA DE LA ÚLTIMA TRANSACCIÓN | |
| campo de control | 20260120121610.0 |
| 006 - CÓDIGOS DE INFORMACIÓN DE LONGITUD FIJA--CARACTERÍSTICAS DEL MATERIAL ADICIONAL | |
| campo de control de longitud fija | a||||gr|||| 00| 0 |
| 007 - CAMPO FIJO DE DESCRIPCIÓN FÍSICA--INFORMACIÓN GENERAL | |
| campo de control de longitud fija | ta |
| 008 - DATOS DE LONGITUD FIJA--INFORMACIÓN GENERAL | |
| campo de control de longitud fija | 260120b2025 gt ||||| m||| 00| 0 eng d |
| 040 ## - FUENTE DE CATALOGACIÓN | |
| Centro catalogador/agencia de origen | gtcocun |
| Lengua de catalogación | SPA |
| Centro/agencia transcriptor | gtcocun |
| Normas de descripción | RDA |
| 041 ## - CÓDIGO DE IDIOMA | |
| Código de lengua del texto/banda sonora o título independiente | SPA TDD 001 |
| 084 ## - OTRO NÚMERO DE CLASIFICACIÓN | |
| Número de control del registro de autoridad o número normalizado | TDD 001 |
| 100 ## - ENTRADA PRINCIPAL--NOMBRE DE PERSONA | |
| Nombre de persona | Herrera Espinoza, Claudia Marisol |
| Término indicativo de función/relación | Autor |
| 245 ## - MENCIÓN DEL TÍTULO | |
| Título | PROPUESTA PARA MEJORAR LA EFICACIA DE LA REPARACIÓN DIGNA EN MATERIA DE JURISPRUDENCIA CONSTITUCIONAL/ |
| Mención de responsabilidad, etc. | Claudia Marisol Herrera Espinoza. |
| Medio | Impreso |
| 264 ## - PRODUCCIÓN, PUBLICACIÓN, DISTRIBUCIÓN, FABRICACIÓN Y COPYRIGHT | |
| Producción, publicación, distribución, fabricación y copyright | Cobán, Alta Verapaz: |
| Nombre del de productor, editor, distribuidor, fabricante | Universidad de San Carlos de Guatemala, Centro Universitario del Norte, Doctorado en Derecho Constitucional Categoría Ciencias |
| Fecha de producción, publicación, distribución, fabricación o copyright | 2025 |
| 300 ## - DESCRIPCIÓN FÍSICA | |
| Extensión | 119 p.: |
| Otras características físicas | Ilustraciones, gráficas. |
| Dimensiones | 28 cm; |
| 300 ## - DESCRIPCIÓN FÍSICA | |
| Dimensiones | |
| Otras características físicas | Ilustraciones, gráficas. |
| 336 ## - TIPO DE CONTENIDO | |
| Fuente | rdacontenido |
| Término de tipo de contenido | Texto |
| Código de tipo de contenido | txt |
| 337 ## - TIPO DE MEDIO | |
| Fuente | rdamedio |
| Nombre/término del tipo de medio | Computadora |
| Código del tipo de medio | n |
| 338 ## - TIPO DE SOPORTE | |
| Fuente | rdasoporte |
| Nombre/término del tipo de soporte | Código en línea |
| Código del tipo de soporte | cr |
| 502 ## - NOTA DE TESIS | |
| Nota de tesis | Tesis de grado |
| Tipo de título | Doctorado en Derecho Constitucional Categoría Ciencias |
| Nombre de la institución que otorga el título | Universidad de San Carlos de Guatemala, Centro Universitario del Norte, Doctorado en Derecho Constitucional Categoría Ciencias |
| Año de obtención del título | 2025 |
| Identificador de la tesis | TDD 001<br/> |
| identificador de la tesis | TDD 001<br/> |
| 520 14 - RESUMEN, ETC. | |
| Sumario, etc. | El ordenamiento penal guatemalteco no establece un procedimiento claro para la<br/>ejecución de la reparación digna, lo que deja a la víctima o agraviado de un hecho delictivo<br/>en un estado de indefensión. Cuando la víctima intenta hacer efectiva la reparación por la<br/>vía civil, debe recurrir a un abogado. lo cual es complicado debido a que este tipo de<br/>proceso es formalista y requiere requisitos procesales que la mayoría de las víctimas no<br/>tienen acceso por los costos que implican. Esto limita darle seguimiento al proceso para<br/>exigir el cumplimiento, lo que puede considerarse como una vulneración del derecho del<br/>acceso a la justicia y tutela judicial efectiva.<br/>Por lo expuesto anteriormente, se hace necesaria una propuesta para mejorar la<br/>eficacia de la reparación digna en materia de jurisprudencia constitucional, misma que<br/>permitirá el interés del legislador para reformar el último párrafo del artículo 124 del<br/>Código Procesal Penal de Guatemala, evitando dejar abierta la vía civil, como una<br/>vulneración a los derechos de la víctima o agraviado; así mismo, el derecho comparado,<br/>con el fin de presentar un mecanismo que permita su implementación para la aplicación en<br/>el ordenamiento jurídico nacional.<br/>Se evidencia que los obstáculos a la reparación digna en Guatemala se deben a varias<br/>limitaciones en las normas penales del país. En primer lugar, estas normas no establecen<br/>un procedimiento claro para que la reparación digna se pague en forma monetaria y<br/>efectiva, después de emitida la sentencia y que la pena sea cumplida, lo que facilita que el<br/>victimario no cumpla con la reparación digna; en segundo lugar, una deficiente orientación<br/>por parte del Ministerio Público y/o el Juzgador, en indicarle a la víctima o agraviado que<br/>puede solicitar la reparación digna a través de la vía civil si no se ha solicitado en la vía<br/>penal.<br/><br/>La investigación se basó en un análisis exhaustivo del derecho comparado,<br/>sentencias emitidas por juzgados y tribunales de sentencia del ramo penal así como la<br/>jurisprudencia de la Corte Interamericana de Derechos Humanos, sobre el tema de<br/>reparación digna, con el fin de determinar cómo los juzgadores otorgan la reparación digna<br/>y de qué manera se vulneran los Derechos Humanos de la víctima, debido a la falta de un<br/>procedimiento específico para solicitar la reparación digna exclusivamente en la vía penal. |
| 650 14 - PUNTO DE ACCESO ADICIONAL DE MATERIA--TÉRMINO DE MATERIA | |
| Fuente del encabezamiento o término | LEMB |
| Término de materia o nombre geográfico como elemento de entrada | Cobán, Alta Verapaz |
| Subdivisión general | Derecho constitucional |
| -- | Reparación digna |
| -- | Víctima |
| -- | Agraviado |
| -- | Justicia |
| -- | Tutela judicial efectiva |
| -- | Jurisprudencia |
| -- | Vía civil |
| -- | Vía penal |
| -- | Corte Interamericana de Derechos Humanos |
| 700 ## - ENTRADA AGREGADA--NOMBRE PERSONAL | |
| Nombre de persona | Phd. Edgar Rolando Melgar García |
| Término indicativo de función/relación | Asesor |
| 856 ## - LOCALIZACIÓN Y ACCESO ELECTRÓNICOS | |
| Identificador Uniforme de Recurso | <a href="https://drive.google.com/file/d/1duyv-m82fa__T_jfkqGGR9sHkexNLa1W/view">https://drive.google.com/file/d/1duyv-m82fa__T_jfkqGGR9sHkexNLa1W/view</a> |
| Texto de enlace | |
| Nota pública | Un ejemplar en línea. |
| 942 ## - ELEMENTOS DE ENTRADA SECUNDARIOS (KOHA) | |
| Fuente de la clasificación o esquema de estantería | Clasificación Decimal Dewey |
| Tipo de ítem Koha | TESIS |
| Parte de la signatura que identifica el ejemplar (Parte del ítem) | TDD 001 |
| Prefijo de la signatura | Clasificación |
| Suprimir en OPAC | No |
| -- | TDD_001_000000000000000 |
| Estatus retirado | Estado de pérdida | Fuente de la clasificación o esquema de estantería | Estado de daño | No para préstamo | Colección | Biblioteca de origen | Biblioteca actual | Ubicación en estantería | Fecha de adquisición | Número de inventario | Total de préstamos | Signatura topográfica completa | Código de barras | Visto por última vez | Precio de reemplazo | Tipo de ítem Koha |
|---|---|---|---|---|---|---|---|---|---|---|---|---|---|---|---|---|
| Clasificación Decimal Dewey | tesis | BIBLIOTECA- CUNOR -JOSÉ LUIS GONZALES ROSALES | BIBLIOTECA- CUNOR -JOSÉ LUIS GONZALES ROSALES | Colección tesis | 20/01/2026 | TDD 001 | TDD 001 | TDD 001 | 20/01/2026 | 20/01/2026 | TESIS |